| 000 | 00486nam a2200169 i 4500 | ||
|---|---|---|---|
| 001 | 78785 | ||
| 003 | ES-MaACL | ||
| 005 | 20230906173820.0 | ||
| 007 | t| | ||
| 008 | 041018s1934 xxk ||||1| eng d | ||
| 100 | 1 |
_aHayek, Friedrich A. von. _962190 |
|
| 245 | 1 | 0 |
_aPrices and production / _cby Friedrich A. von Hayek. |
| 250 | _a2nd ed., rev. and enlarged. | ||
| 260 |
_aLondon : _bGeorge Routledge et Sons, _c[1934] |
||
| 300 |
_aXIV, 162 p. ; _c19 cm. |
||
| 852 |
_aES-MaACL _jA-3346 |
||
| 999 |
_c78785 _d78785 |
||